Quizzes
Events
Quiz Creation
Community
Videos
Private Events
Remove Ads
Sign In
Join for FREE
Feedback
Dark Mode
Quiz Categories
Sports
Geography
Music
Movies
Television
Just For Fun
Miscellaneous
History
Literature
Language
Science
Gaming
Entertainment
Religion
Holiday
For Kids
Quiz Lab
Recent
Popular Today
Quiz Kudos Today
Editor Picks
Curator Picks
Quizzes by...
Day
Popularity
Type
Ratings
Length
Year
Community
Subscriptions
Recent Discussions
Orange Saloon
Badges
Playlists
Quests
Create
Leaderboards
Showdown
Live 5
Trivia Bingo
Activity
Puzzle Library
Sporcle Events
Private Events
Virtual Trivia
Globe League
Become a Host
Pub Owners
SporcleCon
Opinionation
Our Games
Videos
Blog
Mobile Apps
Partnerships
Remove Ads and Go Orange
Feedback
Language
Vocabulary
Begins and Ends
Definition
Spanish
French
German
Italian
Chinese
Latin
Translation
Japanese
Language
Vocabulary
Begins and Ends
Definition
Spanish
French
German
Italian
Chinese
Latin
Translation
Japanese
Random Quiz
Search Sporcle
×
Quiz Lab
Quiz Lab
Language
Chinese
Type in answers that appear in a list
Type in answers that appear in a list
Classic
Best Score? Go Orange.
Chinese Verbs Stats
Can you name these Chinese Verbs?
By
lego54
11m
40 Questions
446 Plays
446 Plays
446 Plays
Comments
Comments
Give Quiz Kudos
Give Quiz Kudos
-
- Ratings
hide this ad
More Info
Forced Order
Answers have to be entered in order
Answers have to be entered in order
Replay
Link that replays current quiz
Next Quiz
Link to next quiz in quiz playlist
You Got
0%
They Got
Avg Score
61%
Avg Friend Score
Upgrade to see
Score Distribution
Jump to the score distribution portion of the page
Score
0/40
Timer
11:00
0
Plays Today
Verb
Answer
% Correct
是
To Be
90.1%
爱
To Love
86.1%
吃
To Eat
85.8%
有
To Have
84.5%
去
To Go
84%
喝
To Drink
82.9%
喜欢
To Like
81.8%
听
To Listen
81.6%
要
To Want
80%
看
To Watch/To Read
78.7%
来
To Come
75.1%
学习
To Study
74.8%
工作
To Work
73.5%
说话
To Speak
72.6%
做
To Do/To Make
70.8%
住
To Live
69.9%
游泳
To Swim
68.1%
坐
To Sit/To Ride On
67.4%
开车
To Drive
66.7%
给
To Give
64.5%
Verb
Answer
% Correct
写下
To Write
64%
知道
To Know
62.5%
做饭
To Cook
61.6%
走路
To Walk
59.8%
跑步
To Run
56.2%
死
To Die
56.2%
回
To Return
55.7%
唱
To Sing
55.7%
叫
To Be Called
51.7%
去睡觉
To Go To Sleep
50.1%
哭
To Cry
48.3%
画
To Draw (A Picture)
45.8%
出生
To Be Born
38.7%
跳舞
To Dance
38.2%
打
To Play
36.6%
长大
To Grow (In Size)
35.7%
起立
To Stand Up
33.7%
找到
To Find
32.8%
烧毁
To Burn
28.3%
叫喊
To Yell
24.3%
Quiz Playlist
Details
Report
Send in Message
Add To Playlist
More Info:
-These characters are simplified mandarin
Classic:
Type in answers that appear in a list
Forced Order:
Answers have to be entered in order
Last Updated: Feb 16, 2017
Quiz Scoreboard
CHALLENGE
Sign Up to Join the Scoreboard
Show All
Scores
Hide
Comments
May contain spoilers
Recently Published
1-10 Letter E Words III
by El_Dandy
Language
2m
One Thing in Common: World Cities II
by knightlancer
Geography
7m
Popular People in 1961
by mucciniale
History
6m
More to Explore
Quiz From the Vault
Featured Blog Post
Where Did the Easter Bunny Come From?
hide this ad
You Might Also Like...
Tags
Chinese Quiz
Pinyin
Verb
Today's Top Quizzes in Language
Browse Language
hide this ad
Today's Top Quizzes in Chinese
Browse Chinese
Top Contributed Quizzes in Language
1
Order Up: Top 10 Most Native Spoken Languages
2
1-10 Letter F Words III
3
1-10 Letter G Words III
4
Hiragana Speed Reading
5
1-10 Letter H Words III
6
Vocabulary 5
7
One Thing in Common: Italy
8
1-10 Letter I Words III
9
Begins and Ends With AN
10
1-10 Letter J Words III
Explore More
Trending Topics
Anime
Kpop
Disney
Marvel
Crossword
Harry Potter
NBA
Country
The Office
Pokémon
WWE
Song
NFL
Puzzle
Soccer
hide this ad
More By:
lego54
Quiz
Plays
Rating
Category
Featured
Created
Capitals & Countries (Redux)
916
5.00
Geography
Nov 25, 2013
World Border Minefield 'B'
639
4.20
Geography
Nov 20, 2013
Chinese Verbs
446
3.50
Language
Nov 16, 2013
Mika Songs
363
Music
Oct 31, 2013
Frank Sinatra Albums
316
5.00
Music
Feb 23, 2014
Go to Creator's Profile
Score Distribution
Quiz Creator Spotlight
lego54
Follow
Send a Message
Quizzes Created
-
Created Quiz Play Count
-
More By This Creator
Popular Quizzes Today
1
Find the US States - No Outlines Minefield
2
The Countries of the World
3
Popular People in 1961
4
Find the Countries of Europe - No Outlines Minefield
5
1-10 Letter E Words III
6
Find the US States
7
One Thing in Common: World Cities II
8
US States
More Language Quizzes
Fill in the 'Pot' Holes
Published
Trending Quizzes
1-10 Letter F Words
1-10 Letter G Words
Risky Map Clicking: Next State Alphabetically
1-10 Letter F Words II
Risky Map Clicking: States by Unique Starting Letters
Recently Updated
Leaping Animals
pecheneg
Reality TV Shows (A-Z)
bhenderson79
Rickey Henderson's Hall of Fame Teammates
pecheneg
Champions League XIs: Arsenal
pecheneg
Quick Pick: Celebrities in WWE's Hall of Fame
aduchscher
A-Z Keypad Blitz II
pecheneg
Multiple Oscar Actors
pecheneg
Mystery Phrase Blitz: Oscar 'Best Actors'
pecheneg
F. Scott Fitzgerald Novels
LTH
Pick 3 Villains
ddd62291
Trending Topics
Marvel
Crossword
Anime
Kpop
Disney
NBA
Harry Potter
WWE
NFL
Soccer
Country
Song
Puzzle
The Office
Pokémon
Your Account Isn't Verified!
In order to create a playlist on Sporcle, you need to verify the email address you used during registration. Go to your
Sporcle Settings
to finish the process.
Report this User
Report this user for behavior that violates our
Community Guidelines
.
Details:
Send Report
Go to the Sporcle.com Mobile Site →
Comments